| 000 | 01097nas a2200325 4500 | ||
|---|---|---|---|
| 001 | BR0302894 | ||
| 003 | BR-BrBNA | ||
| 005 | 20231205103845.0 | ||
| 007 | ta | ||
| 008 | 230509b bl.|||p| |||| 00| 00por d | ||
| 040 |
_aBR-BrBNA _bpor _cBiblioteca Nacional de Agricultura |
||
| 041 | _a(Pt) | ||
| 072 | _aF02; F01 | ||
| 100 | 1 | _aScalon, S.P.Q. | |
| 100 | 1 | _aRamos, M.B.M. | |
| 100 | 1 | _aVieira, M. do C. | |
| 245 | 1 | _aAuxinas e boro no comprimento da maior raiz e número de estacas enraizadas de guaco (Mikania glomerata Sprengel), alecrim (Rosmarinus officinalis L.)e carqueja (Baccharis trimera Less A.P.D.C.)em duas épocas de plantio | |
| 650 | _aGUACO | ||
| 650 | _aALECRIM | ||
| 650 | _aCARQUEJA | ||
| 650 | _aPLANTA MEDICINAL | ||
| 650 | _aPROPAGAÇÃO VEGETATIVA | ||
| 650 | _aÉPOCA DE PLANTIO | ||
| 650 | _aENRAIZAMENTO DE ESTACA | ||
| 650 | _aAUXINA | ||
| 650 | _aBORO | ||
| 773 | 0 |
_tRevista Brasileira de Plantas Medicinais (Brazil) _xISSN 1516-0572 _g(Apr 2003), v. 5(2) p. 71-76 _wBR0302894 |
|
| 909 |
_a202311 _bLúcia _c55 _dLúcia Elande |
||
| 942 |
_2AGRIS _n0 _cANA |
||
| 999 |
_c175100 _d175100 |
||